| 000 | 00915nam a2200241 a 4500 | ||
|---|---|---|---|
| 005 | 20240925064300.0 | ||
| 008 | 991125s1971 bel 000 0 fre u | ||
| 020 | _a2203202076 | ||
| 035 | _aUPN01000050024 | ||
| 049 | _aCG | ||
| 050 | 4 |
_aLB1033 _bR6.64 1971 |
|
| 100 | 1 |
_aRosenthal, Robert, _d1946- |
|
| 245 | 1 | 0 |
_aPygmalion a l'école : _bl'attente du maitre et le développement intellectuel des éléves / _cpor Robert Rosenthal et Leonore Jacobson ; tr. de l'américain par Suzanne Audebert et Ivette Rickards ; préf. du Henri Pequignot. |
| 250 | _a3e. ed. | ||
| 260 |
_aBelgique : _bCarterman, _c1971. |
||
| 300 | _a293 p. | ||
| 440 | 0 | _aCollection orientations E3. Enfance-education-enseignement | |
| 650 | 4 |
_aEducación _xMétodos experimentales _95868 |
|
| 650 | 4 |
_aNiño, Estudio del _9221 |
|
| 650 | 4 |
_aRelación maestro-estudiante _94168 |
|
| 700 | 1 |
_aJacobson, Leonore, _ecoaut. |
|
| 905 | _aLibro | ||
| 999 |
_c50024 _d50024 |
||